Great Jewish personalities in modern times / (Record no. 6300)
[ view plain ]
| 000 -LEADER | |
|---|---|
| fixed length control field | 00569nam a22001932 4500 |
| 001 - CONTROL NUMBER | |
| control field | 0000003239 |
| 005 - DATE AND TIME OF LATEST TRANSACTION | |
| control field | 20151217151919.0 |
| 008 - FIXED-LENGTH DATA ELEMENTS--GENERAL INFORMATION | |
| fixed length control field | 070502s xx 000 0 eng d |
| 040 ## - CATALOGING SOURCE | |
| Original cataloging agency | KABU |
| Transcribing agency | KABU |
| 050 #0 - LIBRARY OF CONGRESS CALL NUMBER | |
| Classification number | DS115 |
| Item number | .G74 |
| 245 10 - TITLE STATEMENT | |
| Title | Great Jewish personalities in modern times / |
| Statement of responsibility, etc. | ed. by Simon Noveck. |
| 260 ## - PUBLICATION, DISTRIBUTION, ETC. (IMPRINT) | |
| Place of publication, distribution, etc. | Clinton, Mass. : |
| Name of publisher, distributor, etc. | Colonial Press, |
| Date of publication, distribution, etc. | 1960. |
| 300 ## - PHYSICAL DESCRIPTION | |
| Extent | xiii, 366 p. |
| 650 #0 - SUBJECT ADDED ENTRY--TOPICAL TERM | |
| Topical term or geographic name as entry element | Jews |
| General subdivision | Biography. |
| -- | 0000152986 |
| 700 1# - ADDED ENTRY--PERSONAL NAME | |
| Personal name | Noveck, Simon. |
| -- | 0000152987 |
| 908 ## - PUT COMMAND PARAMETER (RLIN) | |
| Put command parameter | 070502 |
| 950 ## - LOCAL HOLDINGS (RLIN) | |
| -- | 1 |
| Withdrawn status | Lost status | Source of classification or shelving scheme | Not for loan | Home library | Current library | Date acquired | Total Checkouts | Full call number | Barcode | Date last seen | Price effective from | Koha item type |
|---|---|---|---|---|---|---|---|---|---|---|---|---|
| Library of Congress Classification | Kabarak, Main Campus | Kabarak, Main Campus | 17/12/2015 | DS115 .G74 | 000901 | 17/12/2015 | 17/12/2015 | General Collection |